LIDL a jeho postavenie na slovenskom trhu bakalárska práca

Na minha lista:
Detalhes bibliográficos
Autor principal: Poluchová, Michaela
Autor Corporativo: Obchodná fakulta EU. Katedra marketingu
Outros Autores: Orgonáš, Jozef, 1957-
Formato: Livro
Idioma:eslovaco
Publicado em: Bratislava 2017
Tags: Adicionar Tag
Sem tags, seja o primeiro a adicionar uma tag!

MARC

LEADER 00000nbm a2200000 4500
001 0232707
005 20170920132451.3
041 0 |a slo 
044 |a SK 
245 1 0 |a LIDL a jeho postavenie na slovenskom trhu  |b bakalárska práca  |c Michaela Poluchová ; školiteľ: Jozef Orgonáš 
264 1 |a Bratislava  |c 2017 
300 |a 39 s. 
100 1 |a Poluchová, Michaela 
700 1 |a Orgonáš, Jozef, 1957- 
710 2 |a Obchodná fakulta EU. Katedra marketingu